Culture Générale - Série 1232 - Statistiques

Statistiques générales
  • Ce quiz a été pris 89 fois
  • Le résultat moyen est 4 sur 10
Statistiques - réponses
Question Réponse % Correct
En 1985, le Rainbow Warrior est coulé dans la rade du port d’Auckland, en Nouvelle-Zélande.Il appartenait à l’organisation écologiste : Greenpeace
75%
Lorsque l’on se rend en pèlerinage à la Pierre noire,dans la Ka’ba, dans quel pays se rend-on ? Arabie Saoudite
73%
Quelle était la profession d' Ernesto Guevara, dit Le Che ? médecin
66%
Sous quel surnom était connu Manfred von Richthofen, légende de l'aviation allemande de la Première Guerre mondiale ? le baron rouge
63%
En quelle année a eu lieu la mutinerie des marins russes du cuirassé Potemkine ? 1905
33%
En 1992, dans quel pays Bernard Kouchner débarque-t-il un sac de riz sur l’épaule ? Somalie
33%
Quelle était la profession de la Britannique Florence Nightingale (1820-1910), qui s'est illustrée au cours de la guerre de Crimée(1853-1854) ? infirmière
28%
La musique et l’histoire sont souvent liées. Quel groupe de rock psychédélique est associé au mur de Berlin ? Pink Floyd
27%
Quel était le prénom du ministre de la guerre Maginot, à qui l'on doit la ligne de fortifications du même nom, construite en 1930 ? André
24%
Quel est le nom du journal officiel de la République populaire de Chine ? le quotidien du peuple
1%
Aucun quiz correspondant
Distribution des résultats
% des personnes avec chaque résultat
Percentile par nombre de réponses
Votre historique - résultats
Vous n’avez pas pris ce quiz